| 000 | 00595nam a2200193Ia 4500 | ||
|---|---|---|---|
| 003 | GCL | ||
| 008 | 140319s9999 xx 000 0 ara d | ||
| 040 |
_aGCL / _cGCL |
||
| 082 | 0 | 4 |
_aط _b813.0872 _bد ق |
| 100 | 1 | _aدار المعارف | |
| 245 | 1 | 0 |
_aالمخبرون الاربعة فى لغز وادى الملوك / _cدار المعارف |
| 260 |
_a[S.N] : _bدار المعارف ، _c1989 |
||
| 300 | _a96 | ||
| 490 |
_aقصص بوليسية للاولاد _v0 |
||
| 650 | 0 | 4 | _aالاطفال |
| 650 | 0 | 4 | _aالقصص البوليسية |
| 650 | 0 | 4 | _aالقصص |
| 942 |
_2ddc _cBK |
||
| 999 |
_c58026 _d58026 |
||